| 000 | 00838nam a2200193 a 4500 | ||
|---|---|---|---|
| 001 | BRCA_6893 | ||
| 005 | 20190320205630.0 | ||
| 008 | 111111s1933----u--#######---#000-0#eng-# | ||
| 041 | _aeng | ||
| 044 | _au | ||
| 050 | 4 |
_aTX815 _b.G76 1933 |
|
| 100 | 1 |
_aGrohusko, J. A. _917172 |
|
| 245 | 1 | 0 |
_aJack“s manual on the vintage and production, care and handling of wines, liquors, etc. _ba handbook of information for homes, clubs, hotels and restaurants _cby J. A. Grohusko ; recipes for fancy mixed drinks and when and how to serve cocktails, cobblers, coolers, cordials, daisies, flips, fizzes, highballs, juleps, punches, rickeys, smashes, sours, cups, sangarees and toddies. |
| 260 |
_aNueva York _bAlfred A. Knopf _c1933 |
||
| 300 |
_ax, 235, xiv p. _c19 cm. |
||
| 650 | 1 | 4 |
_aBebidas alcoholicas _910284 |
| 902 | _aGFM | ||
| 942 |
_2lcc _cB |
||
| 999 |
_c6575 _d6575 |
||